<?xml version="1.0" encoding="UTF-8"?>
<record
    xmlns:xsi="http://www.w3.org/2001/XMLSchema-instance"
    xsi:schemaLocation="http://www.loc.gov/MARC21/slim http://www.loc.gov/standards/marcxml/schema/MARC21slim.xsd"
    xmlns="http://www.loc.gov/MARC21/slim">

  <leader>01792nam a2200205 a 4500</leader>
  <controlfield tag="008">180524e2007    ag ||||e |||| 00| f spa d</controlfield>
  <datafield tag="020" ind1=" " ind2=" ">
    <subfield code="a">9789500426435</subfield>
  </datafield>
  <datafield tag="041" ind1=" " ind2=" ">
    <subfield code="a">spa</subfield>
  </datafield>
  <datafield tag="092" ind1=" " ind2=" ">
    <subfield code="c">808</subfield>
    <subfield code="l">79</subfield>
    <subfield code="s">SMI</subfield>
  </datafield>
  <datafield tag="100" ind1="1" ind2=" ">
    <subfield code="a">Smith, Wilbur</subfield>
    <subfield code="9">3935</subfield>
  </datafield>
  <datafield tag="245" ind1=" " ind2="3">
    <subfield code="a">El triunfo del sol /</subfield>
    <subfield code="c">Wilbur Smith</subfield>
  </datafield>
  <datafield tag="250" ind1=" " ind2=" ">
    <subfield code="a">5a ed.</subfield>
    <subfield code="b">Traducci&#xF3;n Agustin Pico Estrada</subfield>
  </datafield>
  <datafield tag="260" ind1=" " ind2=" ">
    <subfield code="a">Buenos Aires:</subfield>
    <subfield code="b">Emece;</subfield>
    <subfield code="c">2007.</subfield>
  </datafield>
  <datafield tag="300" ind1=" " ind2=" ">
    <subfield code="a">519 p.</subfield>
  </datafield>
  <datafield tag="500" ind1=" " ind2=" ">
    <subfield code="a">Smith, W. (2007). El triunfo del sol. (1a ed.). Buenos Aires : Emece.</subfield>
  </datafield>
  <datafield tag="505" ind1=" " ind2=" ">
    <subfield code="a">En 1884, a orillas del Nilo, el clan de los Courtney se encuentra con el de los Ballantyne, las dos familias protagonistas de las &#xE9;picas novelas de aventuras escritas por Wilbur Smith. Tras d&#xE9;cadas de desgobierno a mano del Jedive egipcio, se produce en Sud&#xE1;n una rebeli&#xF3;n brutal y sanguinaria. Un nuevo y carism&#xE1;tico l&#xED;der religioso, llamado el Esperado, encabeza una guerra santa que pone en jaque a toda la poblaci&#xF3;n. Los ingleses intervienen para proteger sus intereses, adem&#xE1;s de intentar rescatar a los cientos de ciudadanos brit&#xE1;nicos diseminados por el pa&#xED;s. Junto a muchos otros, el comerciante y hombre de negocios Ryder Courtney queda atrapado en la capital, Jartum. All&#xED; conoce al capit&#xE1;n Penrod Ballantyne del regimiento d&#xE9;cimo de h&#xFA;sares, al c&#xF3;nsul brit&#xE1;nico David Benbrook y a sus tres hermosas hijas. Contra el sanguinario fondo del sitio de Jartum tendr&#xE1;n lugar el romance y la lucha de estos tres poderosos hombres por sobrevivir. Cargado de vibrantes referencias hist&#xF3;ricas y con el inimitable estilo de su autor, El triunfo del sol muestra a Wilbur Smith en pleno dominio de sus dones inigualables como narrador de novelas de suspenso y aventura. </subfield>
  </datafield>
  <datafield tag="590" ind1=" " ind2=" ">
    <subfield code="a">DONACION Victoria Lara mayo 2018</subfield>
  </datafield>
  <datafield tag="655" ind1=" " ind2=" ">
    <subfield code="a">Literatura</subfield>
    <subfield code="9">2917</subfield>
  </datafield>
  <datafield tag="942" ind1=" " ind2=" ">
    <subfield code="2">ddc</subfield>
    <subfield code="c">LIT</subfield>
  </datafield>
  <datafield tag="999" ind1=" " ind2=" ">
    <subfield code="c">2773</subfield>
    <subfield code="d">2773</subfield>
  </datafield>
  <datafield tag="952" ind1=" " ind2=" ">
    <subfield code="0">0</subfield>
    <subfield code="1">0</subfield>
    <subfield code="2">ddc</subfield>
    <subfield code="4">0</subfield>
    <subfield code="7">0</subfield>
    <subfield code="8">FIC</subfield>
    <subfield code="a">BFM</subfield>
    <subfield code="b">BFM</subfield>
    <subfield code="c">CR</subfield>
    <subfield code="d">2018-05-24</subfield>
    <subfield code="e">Donacion</subfield>
    <subfield code="l">0</subfield>
    <subfield code="o">808 79 SMI</subfield>
    <subfield code="p">4281</subfield>
    <subfield code="r">2018-05-24</subfield>
    <subfield code="t">Ej, 1</subfield>
    <subfield code="w">2018-05-24</subfield>
    <subfield code="y">LIT</subfield>
    <subfield code="z">DONACION Victoria Lara mayo 2018</subfield>
  </datafield>
</record>
